Drugie imiona nadane dziewczynkom w 2023 roku - Statystyki

Ogólne statystyki
  • Ten quiz został rozwiązany 93 razy
  • Średni wynik to 100 z 200
Statystyki odpowiedzi
Odpowiedź % Poprawnych
2 A Anna
98%
1 M Maria
95%
198 M Mariia
95%
29 H Hanna
93%
120 V Victoria
93%
182 V Viktoria
93%
5 W Wiktoria
93%
3 Z Zofia
88%
7 K Katarzyna
86%
169 O Olivia
86%
31 O Oliwia
86%
49 P Patrycja
86%
9 A Aleksandra
83%
175 A Alexandra
83%
10 B Barbara
83%
22 J Joanna
83%
46 L Lena
83%
187 M Magda
83%
27 R Róża
83%
15 Z Zuzanna
83%
12 E Ewa
81%
21 K Karolina
81%
14 M Małgorzata
81%
34 M Monika
81%
43 P Paulina
81%
24 E Emilia
79%
13 Ł Łucja
79%
17 W Weronika
79%
64 H Halina
76%
16 L Laura
76%
25 M Maja
76%
193 M Maya
76%
23 N Natalia
76%
62 P Pola
76%
55 U Urszula
76%
76 D Daria
74%
6 H Helena
74%
52 I Izabela
74%
149 I Izabella
74%
8 J Julia
74%
18 A Agnieszka
71%
11 A Alicja
71%
36 J Janina
71%
67 K Kamila
71%
26 K Krystyna
71%
28 M Marta
71%
41 A Amelia
69%
45 D Danuta
69%
19 E Elżbieta
69%
71 I Iga
69%
4 M Magdalena
69%
69 M Martyna
69%
84 M Milena
69%
96 O Olga
69%
56 D Dominika
67%
82 E Ewelina
67%
101 F Franciszka
64%
47 G Gabriela
64%
77 R Renata
64%
91 E Eliza
62%
61 J Justyna
62%
50 K Kinga
62%
40 M Marianna
62%
81 S Sara
62%
20 T Teresa
62%
51 W Wanda
62%
48 A Agata
60%
133 A Anita
60%
53 B Beata
60%
39 I Irena
60%
60 J Jagoda
60%
59 K Klaudia
60%
66 K Kornelia
60%
139 L Lilia
60%
38 M Michalina
60%
54 R Rozalia
60%
100 A Aneta
57%
79 B Bożena
57%
93 C Cecylia
57%
143 C Celina
57%
42 D Dorota
57%
70 I Iwona
57%
32 J Jadwiga
57%
113 K Kaja
57%
78 L Lidia
57%
65 M Marcelina
57%
94 A Alina
55%
37 A Anastazja
55%
74 N Nadia
55%
75 S Stanisława
55%
86 G Grażyna
52%
196 A Adriana
50%
95 A Adrianna
50%
30 A Antonina
50%
87 B Blanka
50%
161 C Czesława
50%
90 E Edyta
50%
154 H Honorata
50%
35 K Klara
50%
110 M Marlena
50%
102 N Nina
50%
153 P Paula
50%
68 S Sylwia
50%
44 A Aniela
48%
109 F Felicja
48%
107 G Gaja
48%
147 I Ilona
48%
152 K Kalina
48%
85 L Lilianna
48%
89 L Lucyna
48%
106 M Marzena
48%
195 N Nicola
48%
156 A Ada
45%
118 A Apolonia
45%
72 A Aurelia
45%
124 B Bianka
45%
105 D Diana
45%
125 I Ida
45%
57 J Jolanta
45%
150 K Karina
45%
88 M Matylda
45%
99 N Nela
45%
83 N Nikola
45%
103 A Angelika
43%
177 J Judyta
43%
117 L Liwia
43%
122 W Wiesława
43%
63 L Liliana
40%
134 M Malwina
40%
98 S Sandra
40%
158 S Sonia
40%
58 S Stefania
40%
164 Ż Żaneta
40%
144 D Dagmara
38%
127 E Emma
38%
136 L Leokadia
38%
123 L Luiza
38%
119 M Mirosława
38%
163 O Otylia
38%
97 S Sabina
38%
172 V Violetta
38%
183 W Wioleta
38%
111 W Wioletta
38%
112 S Sofia
36%
129 A Adela
33%
180 J Jagna
33%
176 J Julianna
33%
135 K Kazimiera
33%
115 M Mariola
33%
137 M Melania
33%
33 R Rita
33%
138 R Roksana
33%
157 W Władysława
33%
179 A Amanda
31%
73 F Faustyna
31%
92 J Józefa
31%
167 J Julita
31%
178 M Marie
31%
80 M Mia
31%
114 R Regina
31%
140 D Daniela
29%
130 K Konstancja
29%
174 M Marika
26%
116 L Lea
24%
160 M Malina
24%
146 Z Zoja
24%
131 B Bogumiła
21%
132 E Estera
21%
168 H Henryka
21%
104 J Jaśmina
21%
162 L Lara
21%
159 O Oktawia
21%
148 B Bogusława
19%
145 B Bronisława
19%
188 E Eugenia
19%
190 F Florentyna
19%
108 J Józefina
19%
185 B Bernadetta
17%
126 N Nadzieja
17%
199 B Brygida
14%
121 E Elena
14%
171 E Eleonora
14%
166 G Gloria
14%
173 N Noemi
14%
192 O Olimpia
14%
194 R Roma
14%
165 H Hiacynta
12%
186 K Klementyna
12%
181 L Lila
12%
189 L Ludwika
12%
170 W Waleria
12%
141 B Bernadeta
10%
197 D Dalia
10%
191 M Mira
7%
128 A Aurora
5%
151 L Luna
5%
155 W Walentyna
5%
200 C Carmen
0%
184 E Elizabeth
0%
142 R Rose
0%
Nie znaleziono quizów pasujących do podanych kryteriów
Rozkład punktacji
Procent ludzi z każdym wynikiem
Percentyl według liczby udzielonych odpowiedzi
Twoja historia wyników
Nie rozwiązałeś tego quizu